000
00326nam a2200133Ia 4500
008
230917s9999||||xx |||||||||||||| ||und||
040
_e
93155
_a
MAIN
041
_a
English
082
_a
677 D26S
100
_a
Dasgupta, Debasis Kumar
245
0
_a
Studies on non-woven needle punched blanker
300
_a
45 p.
942
_c
TH
999
_c
50362
_d
50362